Statistics for NFL Shared First Names

Click here to take the quiz!

General Stats

  • This quiz has been taken 53 times
  • The average score is 21 of 30

Answer Stats

Shared First NameLast Names% Correct
RyanFitzpatrick, Mallett, Tannehill
95%
AaronDonald, Rodgers, Jones
93%
TravisKelce, Benjamin, Etienne
88%
BrettKern, Maher, Favre
86%
JoshAllen, Jacobs, Norman
86%
CamRobinson, Akers, Newton
84%
ChrisEvans, Godwin, Conley
84%
JaredGoff, Allen, Cook
84%
JasonMcCourty, Garrett, Kelce
81%
RichardRodgers, Seymour, Sherman
81%
JustinHouston, Tucker, Simmons
79%
AntonioBrown, Gates, Freeman
77%
MikeSingletary, McGlinchey, Evans
77%
RobertGriffin, Quinn, Woods
77%
DevinSingletary, McCourty, White
74%
DesmondKing, Trufant, Ridder
72%
JoeThomas, Tryon-Shoyinka, Theismann
72%
TrevorPryce, Siemian, Lawrence
72%
DavidAkers, Montgomery, Andrews
70%
AJGreen, Brown, Klein
63%
EdMcCaffrey, Reed, Ingram
60%
MarkIngram, Clayton, Brunell
58%
LarryLittle, Allen, Ogunjobi
53%
PatrickRamsey, Willis, Peterson
53%
JeffWilson, Garcia, Janis
51%
JohnAbraham, Lynch, Hannah
44%
MarquiseGoodwin, Brown, Blair
44%
LamarMiller, Jackson, Houston
42%
AnthonySherman, Miller, Hitchens
30%
KevinWilliams, Carter, Mawae
30%

Score Distribution

Percentile by Number Answered

Percent of People with Each Score

Your Score History

You have not taken this quiz